[Event "Steyr Landesliga 2122"]
[Site "Austria"]
[Date "2021.10.16"]
[Round "1.7"]
[White "Bessenyei, Zoltan"]
[Black "Wilfling, Sandra"]
[Result "1-0"]
[WhiteElo "1989"]
[BlackElo "1827"]
[PlyCount "97"]
[EventDate "2021.10.16"]
[EventType "team-tourn"]
[EventRounds "11"]
[EventCountry "AUT"]
[SourceTitle "EXT 2023"]
[Source "ChessBase"]
[SourceDate "2022.10.05"]
[SourceVersion "1"]
[SourceVersionDate "2022.10.05"]
[SourceQuality "1"]
[WhiteTeam "Graz Styria"]
[BlackTeam "Feldbach Kirchberg"]
[WhiteTeamCountry "AUT"]
[BlackTeamCountry "AUT"]

1. d3 Nf6 2. c4 g6 3. Nc3 Bg7 4. Nf3 d6 5. g3 0-0 6. Bg2 c6 7. 0-0 e5 8. Bg5 Qc7 9. Qc1 Nbd7 10. Bh6 Nh5 11. Bxg7 Kxg7 12. e4 Nc5 13. Qd2 f5 14. Nh4 f4 15. d4 Ne6 16. Nf3 Bd7 17. Ne2 Rae8 18. b4 Nf6 19. Nh4 Ng5 20. f3 Nh5 21. Rad1 Rf7 22. Qc3 Bh3 23. dxe5 dxe5 24. c5 Bxg2 25. Nxg2 fxg3 26. hxg3 Nh3+ 27. Kh2 Qc8 28. Ng1 Ng5 29. Qe3 h6 30. Rd6 Re6 31. Rd3 Qf8 32. Nh3 Nxh3 33. Kxh3 g5 34. Rfd1 Nf6 35. Rd6 Qe7 36. Qb3 Rxd6 37. Rxd6 g4+ 38. fxg4 Nxe4 39. Nh4 Nxd6 40. cxd6 Qd7 41. Qd3 Rf6 42. Nf5+ Kf8 43. Qe3 h5 44. Qxe5 hxg4+ 45. Kxg4 Qf7 46. Qe7+ Qxe7 47. dxe7+ Kf7 48. Kg5 b6 49. e8Q+ 1-0